[Event "TCh-CRO 2a Liga 2013"]
[Site "Bol CRO"]
[Date "2013.09.15"]
[Round "2.2"]
[White "Martic,Z"]
[Black "Licina,Z"]
[Result "1-0"]
[WhiteElo "2306"]
[BlackElo "2223"]

1.d4 Nf6 2.c4 g6 3.Nc3 Bg7 4.e4 O-O 5.Nf3 d6 6.Be2 Nbd7 7.O-O e5 8.Be3 c6
9.Qc2 Ng4 10.Bg5 f6 11.Bd2 Nh6 12.Rad1 Qe7 13.b4 f5 14.d5 c5 15.Bg5 Nf6 16.bxc5 Nf7
17.cxd6 Qxd6 18.Nb5 Qd8 19.Bxf6 Bxf6 20.c5 a6 21.Nc3 Qa5 22.Na4 Bd8 23.Nd2 Bd7
24.c6 bxc6 25.Nc4 Qc7 26.Ncb6 Ra7 27.Nxd7 Qxd7 28.dxc6 Qc8 29.Bc4 Kh8 30.Bd5 Ng5
31.Qc5 Re7 32.f3 Ne6 33.Bxe6 Qxe6 34.Rd6 Qf7 35.Rfd1 Bc7 36.Rd7 Rfe8 37.Nc3 Qe6
38.Nd5 Rxd7 39.cxd7  1-0

[Event "TCh-CRO 2a Liga 2013"]
[Site "Bol CRO"]
[Date "2013.09.16"]
[Round "3.5"]
[White "Saric,S"]
[Black "Zufic,M"]
[Result "0-1"]
[WhiteElo "2401"]
[BlackElo "2444"]

1.d4 Nf6 2.c4 g6 3.Nc3 Bg7 4.e4 d6 5.Nf3 O-O 6.Be2 e5 7.Be3 exd4 8.Nxd4 Re8
9.Qc2 Ng4 10.Bxg4 Bxg4 11.h3 Be6 12.b3 c5 13.Nde2 Nc6 14.Rd1 Qb6 15.O-O Rad8
16.Rd2 a6 17.Rfd1 Qa5 18.Rxd6 Rxd6 19.Rxd6 Nd4 20.Nxd4 cxd4 21.Bxd4 Bf8 22.Rb6 Bc5
23.Bxc5 Qxc5 24.Na4 Qd4 25.Rxb7 Qa1+ 26.Kh2 Qe5+ 27.Kg1 Qa1+ 28.Kh2 Qe5+
29.g3 Qh5 30.h4 Qf3 31.Nc3 h5 32.Nd1 Bf5 33.Qc3 Bxe4 34.Qxf3 Bxf3 35.Rb6 Re1
36.g4 Rxd1 37.gxh5 Bxh5 38.Rxa6 Kg7 39.c5 Bf3 40.Kg3 Bd5 41.Rd6 Rd3+ 42.Kh2 Be4
43.Ra6 Rf3 44.Kg1 Rc3 45.b4 Bf3 46.Kh2 f5 47.Rd6 Rc4 48.Kg3 Bh5 49.a3 Kf7
50.c6 f4+ 51.Kg2 Rc3 52.Rd4 Ke6 53.Rxf4 Ke5 54.Rf8 Rxc6 55.b5 Rc3 56.a4 Rb3
57.Re8+ Kd5 58.Rd8+ Kc5 59.Rc8+ Kb4 60.Rf8 Kxa4 61.f3 Rxb5 62.Kg3 Kb4 63.Re8 Kc4
64.Re3 Kd4 65.Ra3 Rc5 66.Ra4+ Ke5 67.Ra3 Kd4 68.Ra4+ Rc4 69.Ra8 Rc3 70.Rd8+ Ke3
71.Re8+ Kd2 72.Rf8 Ke2 73.Re8+ Re3 74.Rb8 Rxf3+ 75.Kg2 Re3 76.Rb6 Kd3 77.Kf2 Rf3+
78.Kg2 Ke4 79.Rb4+ Kf5 80.Rb5+ Kg4 81.Rg5+ Kf4 82.Ra5 Re3 83.Rg5 Bf3+ 84.Kf2 Be4  0-1

[Event "TCh-CRO Ia Liga 2013"]
[Site "Bol CRO"]
[Date "2013.09.16"]
[Round "3.5"]
[White "Rezan,S"]
[Black "Saric,Iv"]
[Result "0-1"]
[WhiteElo "2456"]
[BlackElo "2627"]

1.d4 Nf6 2.c4 g6 3.Nc3 Bg7 4.e4 d6 5.Nf3 O-O 6.Be2 e5 7.Be3 Ng4 8.Bg5 f6
9.Bh4 g5 10.Bg3 Nh6 11.dxe5 dxe5 12.c5 g4 13.Nh4 Nc6 14.Qxd8 Rxd8 15.Nd5 Nd4
16.Bc4 Be6 17.Rc1 c6 18.Ne3 Bf8 19.Nhf5 Bxc4 20.Rxc4 Ndxf5 21.exf5 Rd4 22.Rc2 Rad8
23.Ke2 Re4 24.f3 gxf3+ 25.gxf3 Red4 26.Rg1 Kf7 27.Rf1 Ng8 28.Bf2 Ne7 29.Rb1 Bh6
30.Ng4 Rd2+ 31.Rxd2 Rxd2+ 32.Ke1 Bf4 33.Bg3 Rc2 34.Rd1 Nxf5 35.Bxf4 exf4
36.Rd7+ Kg6 37.Rxb7 h5 38.Nf2 Nd4 39.Nh3 Nxf3+ 40.Kd1 Rd2+ 41.Kc1 Rxh2 42.Nxf4+ Kf5
43.Nd3 h4 44.Rxa7 h3 45.Ra4 Kg5 46.Ra8 Rg2  0-1

[Event "TCh-CRO Ia Liga 2013"]
[Site "Bol CRO"]
[Date "2013.09.16"]
[Round "3.1"]
[White "Lalic,B"]
[Black "Popovic,Du"]
[Result "1/2-1/2"]
[WhiteElo "2476"]
[BlackElo "2568"]

1.d4 Nf6 2.c4 g6 3.Nc3 Bg7 4.e4 d6 5.Nf3 O-O 6.Be2 e5 7.Be3 c6 8.d5 Na6 9.O-O Ng4
10.Bg5 f6 11.Bh4 c5 12.Ne1 h5 13.h3 Nh6 14.Nd3 Qe7 15.a3 g5 16.Bg3 h4 17.Bh2  1/2-1/2

[Event "TCh-CRO 2a Liga 2013"]
[Site "Bol CRO"]
[Date "2013.09.16"]
[Round "3.2"]
[White "Radocaj,D"]
[Black "Grgurevic,B"]
[Result "1/2-1/2"]
[WhiteElo "2309"]
[BlackElo "2228"]

1.d4 Nf6 2.c4 g6 3.Nc3 Bg7 4.e4 d6 5.Nf3 O-O 6.Be2 e5 7.Be3 Ng4 8.Bg5 f6
9.Bh4 Nc6 10.d5 Ne7 11.Nd2 Nh6 12.f3 Nf7 13.Bf2 Bh6 14.c5 f5 15.Nc4 Bd7 16.b4 Kh8
17.a4 Ng8 18.Na5 Bc8 19.c6 b6 20.Nc4 a6 21.Ne3 Nf6 22.Qd3 Nh5 23.g3 f4 24.Nf1 fxg3
25.hxg3 Ng5 26.Ra3 Nh3 27.Be3 Bxe3 28.Qxe3 Qg5 29.Qxg5 Nxg5 30.Kf2 Kg7 31.Kg2 Nf6
32.Ne3 h5 33.Raa1 Rh8 34.Raf1 Nf7 35.Rh2 g5 36.Rfh1 Kg6 37.Bd3 Kg7 38.Ne2 a5
39.b5 Nh6 40.Kf2 Nf7 41.Ng2 Re8 42.Nc3 Nh8  1/2-1/2

[Event "FSGM Sept 2013"]
[Site "Budapest HUN"]
[Date "2013.09.16"]
[Round "8.1"]
[White "Camarena Gimenez,R"]
[Black "Szabo,Krisz1"]
[Result "1/2-1/2"]
[WhiteElo "2354"]
[BlackElo "2561"]

1.d4 Nf6 2.c4 g6 3.Nc3 Bg7 4.e4 d6 5.Nf3 O-O 6.Be2 e5 7.d5 a5 8.Bg5 h6 9.Bh4 Na6
10.Nd2 Qe8 11.a3 Bd7 12.b3 Nh7 13.O-O h5 14.f3 Bh6 15.Rb1 Be3+ 16.Bf2 Bxf2+
17.Rxf2 Qe7 18.b4 axb4 19.axb4 g5 20.Nf1 h4 21.Ne3 Nf6 22.Bf1 Nh5 23.Nf5 Bxf5
24.exf5 Ng7 25.Bd3 f6 26.Ra2 Qd7 27.Rba1 Rab8 28.Qb1 Nh5  1/2-1/2

[Event "TCh-CRO 2a Liga 2013"]
[Site "Bol CRO"]
[Date "2013.09.18"]
[Round "5.1"]
[White "Ramesa,D"]
[Black "Malenica,M"]
[Result "1-0"]
[WhiteElo "2297"]
[BlackElo "2221"]

1.Nf3 Nf6 2.c4 g6 3.Nc3 Bg7 4.e4 d6 5.d4 O-O 6.Be2 Na6 7.O-O e5 8.Be3 Ng4
9.Bg5 Qe8 10.Re1 h6 11.Bh4 Nf6 12.c5 g5 13.dxe5 dxe5 14.Bg3 Nh5 15.Bxa6 bxa6
16.Nd5 Nxg3 17.hxg3 Qd8 18.Qa4 Rb8 19.Rad1 Bd7 20.c6 Be6 21.b3 Rb5 22.Nc3 Qb8
23.Nxb5 axb5 24.Qb4 Qb6 25.Rc1 Ra8 26.Qc5 f6 27.Qe7 Bf7 28.Red1 Re8 29.Rd8 Rxd8
30.Qxd8+ Kh7 31.Qe7 Bg6 32.Rd1  1-0

[Event "TCh-CRO 2a Liga 2013"]
[Site "Bol CRO"]
[Date "2013.09.19"]
[Round "6.3"]
[White "Bozinovic,Bog"]
[Black "Ciganovic,N"]
[Result "1-0"]
[WhiteElo "2182"]
[BlackElo "2283"]

1.d4 Nf6 2.c4 g6 3.Nc3 Bg7 4.e4 d6 5.Nf3 O-O 6.Be2 e5 7.dxe5 dxe5 8.Qxd8 Rxd8
9.Bg5 Rf8 10.Nd5 Nxd5 11.cxd5 c6 12.Bc4 b5 13.Bb3 Bb7 14.Rc1 a5 15.dxc6 Bxc6
16.Nd2 a4 17.Bd1 Bd7 18.Be2 Na6 19.Nb1 Rfc8 20.Nc3 Nc7 21.O-O b4 22.Nd5 Nxd5
23.exd5 e4 24.b3 axb3 25.axb3 Bc3 26.Rfd1 Ra2 27.Bc4 Kg7 28.h3 f5 29.Be3 Kf6
30.h4 Rca8 31.d6 Rb2 32.Rxc3  1-0

[Event "63rd TCh-BUL GpB 2013"]
[Site "Sunny Beach BUL"]
[Date "2013.09.19"]
[Round "1.1"]
[White "Vatkovski,Mitko"]
[Black "Chakov,P"]
[Result "0-1"]
[WhiteElo "1919"]
[BlackElo "2331"]

1.c4 g6 2.Nc3 Bg7 3.d4 d6 4.e4 Nf6 5.Nf3 O-O 6.Be2 e5 7.d5 a5 8.Bg5 h6 9.Bxf6 Qxf6
10.h3 Na6 11.O-O Bd7 12.a3 Qe7 13.Qc2 f5 14.Nd2 h5 15.Rab1 Nc5 16.Nb3 Nxe4
17.Nxe4 fxe4 18.Qxe4 Bf5 19.Qe3 Bxb1 20.Rxb1 e4 21.Nd2 Rae8 22.b3 Kh7 23.f3 Bh6
24.Qd4 exf3 25.Qc3  0-1

[Event "I Azuqueca Chess Classic 2013"]
[Site "Azuqueca de Henares ESP"]
[Date "2013.09.20"]
[Round "7.4"]
[White "Huerga Leache,M"]
[Black "Perez Mitjans,O"]
[Result "0-1"]
[WhiteElo "2433"]
[BlackElo "2429"]

1.d4 Nf6 2.c4 g6 3.Nc3 Bg7 4.e4 d6 5.Nf3 O-O 6.Be2 Na6 7.O-O e5 8.d5 Nc5
9.Qc2 a5 10.Ne1 Ne8 11.Nd3 f5 12.Nxc5 dxc5 13.Be3 b6 14.exf5 gxf5 15.f4 e4
16.Kh1 Nd6 17.Rg1 Kh8 18.Rae1 Bd4 19.Qd2 Qf6 20.Rd1 Bxc3 21.bxc3 Rg8 22.Qe1 Bd7
23.Bf2 Qf7 24.Bh4 h6 25.Qf2 Raf8 26.Qe3 Bc8 27.Qh3 Qh7 28.Rdf1 Rg7 29.a3 Qg6
30.Bg5 Rh7 31.Bh4 h5 32.Bg5 Ba6 33.Qh4 Qf7 34.Qf2 Bxc4 35.Bxc4 Nxc4 36.Rd1 Qd7
37.Qe2 Qa4 38.Qf2 Kg8 39.Qh4 Qe8 40.Rge1 Rg7 41.Bh6 Rg4 42.Qf2 Rf7 43.Bg5 h4
44.d6 cxd6 45.Rd5 Qe6 46.Red1 e3 47.Qe2 h3 48.g3 Qe4+ 49.Kg1 Rh7 50.R5d4 cxd4
51.Qxc4+ Kf8 52.Qc8+ Kf7 53.Qc4+ d5  0-1

[Event "1st League Cent-SRB 2013"]
[Site "Kragujevac SRB"]
[Date "2013.09.20"]
[Round "9.6"]
[White "Mladenovic,St"]
[Black "Blesic,V"]
[Result "0-1"]
[WhiteElo "2274"]
[BlackElo "2375"]

1.d4 Nf6 2.Nf3 g6 3.c4 Bg7 4.Nc3 d6 5.e4 O-O 6.Be2 Na6 7.O-O e5 8.Be3 Ng4
9.Bg5 Qe8 10.h3 h6 11.Bh4 Nf6 12.Bxf6 Bxf6 13.c5 Bg7 14.Bxa6 bxa6 15.dxe5 dxe5
16.Nd5 Rb8 17.Nxc7 Qc6 18.Qd6 Qxd6 19.cxd6 Bb7 20.Nd2 Rfd8 21.Nc4 Bxe4 22.Rfd1 Rbc8
23.Rac1 Bf8 24.f3 Bb7 25.Kf1 Rd7 26.Ke2 e4 27.Na5 exf3+ 28.gxf3 Bxd6 29.Nxb7 Re7+
30.Kf1 Bxc7 31.Nc5 Bf4 32.Rc3 Be5 33.Rc2 Bxb2 34.Rxb2 Rxc5 35.Rd6 Rc3 36.Kg2 Ra3
37.Rf2 Re5 38.f4 Rh5 39.f5 gxf5 40.Rc2 Rhxh3 41.Rf6 Rag3+ 42.Kf2 Rg6 43.Rc8+ Kg7
44.Rxf5 Rh2+ 45.Ke3 Rxa2 46.Rd5 Ra3+ 47.Kf4 Ra4+ 48.Kf3 Rb6 49.Rc3 Rf6+ 50.Kg3 Rg6+
51.Kf3 Rg5 52.Rd7 h5 53.Rxa7 h4 54.Rcc7 Rg3+ 55.Kf2 Ra2+ 56.Kf1 Rf3+ 57.Kg1 h3
58.Rc1 Rff2 59.Rxa6 Rg2+ 60.Kh1 Rh2+  0-1

[Event "XV Villa Martelli ITT"]
[Site "Villa Martelli ARG"]
[Date "2013.09.20"]
[Round "6.5"]
[White "Mayorga,N"]
[Black "Perez,Max"]
[Result "1/2-1/2"]
[WhiteElo "2313"]
[BlackElo "2277"]

1.d4 Nf6 2.c4 g6 3.Nc3 Bg7 4.e4 d6 5.Nf3 O-O 6.Be2 e5 7.d5 a5 8.Bg5 h6 9.Bh4 Na6
10.Nd2 Qe8 11.a3 Nc5 12.O-O a4 13.Nb5 Qd8 14.Qc2 Bd7 15.f3 Bxb5 16.cxb5 b6
17.b4 axb3 18.Nxb3 Na4 19.Nc1 h5 20.Nd3 Bh6 21.Bf2 Nd7 22.Rfb1 Ndc5 23.Nb4 Nb7
24.Na6 Nac5 25.a4 Na5 26.Ra3 Kh7 27.Be1 Nab7 28.Rba1 Rc8 29.Nb4 Qe8 30.Nc6 Ra8
31.a5 bxa5 32.Nxa5 Nxa5 33.Bxa5 Qb8 34.g3 Qb7 35.Kg2 Rfc8 36.Bb4 Be3 37.Qa2 Rxa3
38.Qxa3 Bd4 39.Bc3 Bxc3 40.Qxc3 Ra8 41.Ra5 Rxa5 42.Qxa5 Qb6 43.Qxb6 cxb6
44.Kf2 Kh6 45.Ke3 f6 46.Bf1 h4 47.f4 hxg3 48.hxg3 Nb3 49.g4 exf4+ 50.Kxf4 Nc5
51.Be2 Nd7 52.Bf1 Ne5 53.Be2 Kg7 54.Bd1 Kh7 55.Be2 Kh6 56.Bf1 Kg7 57.Be2 g5+
58.Ke3  1/2-1/2

[Event "TCh-CRO 2a Liga 2013"]
[Site "Bol CRO"]
[Date "2013.09.21"]
[Round "8.4"]
[White "Dizdarevic,E"]
[Black "Tratar,M"]
[Result "1/2-1/2"]
[WhiteElo "2495"]
[BlackElo "2503"]

1.Nf3 Nf6 2.d4 g6 3.c4 Bg7 4.Nc3 O-O 5.e4 d6 6.Be2 e5 7.dxe5 dxe5 8.Qxd8 Rxd8
9.Bg5 Nbd7 10.O-O-O Re8  1/2-1/2

[Event "Werder Bremen GM 2013"]
[Site "Bremen GER"]
[Date "2013.09.21"]
[Round "1.4"]
[White "Bluebaum,M"]
[Black "Joachim,S"]
[Result "1-0"]
[WhiteElo "2514"]
[BlackElo "2422"]

1.Nf3 Nf6 2.c4 g6 3.Nc3 Bg7 4.e4 d6 5.d4 O-O 6.Be2 e5 7.Be3 Na6 8.O-O Qe7
9.Bg5 Qe8 10.dxe5 dxe5 11.h3 h6 12.Be3 Qe7 13.a3 c6 14.b4 Nh5 15.c5 Nc7 16.Qd6 Qxd6
17.cxd6 Ne6 18.Rfd1 Rd8 19.Rac1 b6 20.Bc4 Bb7 21.a4 Rac8 22.a5 c5 23.Bxe6 fxe6
24.bxc5 bxc5 25.Rb1 Rd7 26.Rb5 Ba6 27.Rxc5 Rcd8 28.Nxe5 Rxd6 29.Rxd6 Rxd6
30.Nxg6 Rd3 31.Ne5  1-0

[Event "TCh-FIN SM 2013-14"]
[Site "Jyvaskyla FIN"]
[Date "2013.09.21"]
[Round "1.4"]
[White "Nevanlinna,R"]
[Black "Halmeenmaki,T"]
[Result "1/2-1/2"]
[WhiteElo "2231"]
[BlackElo "2167"]

1.d4 Nf6 2.c4 g6 3.Nc3 Bg7 4.e4 O-O 5.Nf3 d6 6.Be2 Na6 7.O-O e5 8.dxe5 dxe5
9.b3 Qxd1 10.Rxd1 Re8 11.Ba3 Bf8 12.Bb2 Bg7 13.h3 c6 14.Bf1 Nc5 15.Re1 a5
16.Rad1 Nfd7 17.g3 Nf8 18.Bg2 Nfe6 19.Ne2 f6 20.Nc1 b6 21.Nd3 Bf8 22.Nxc5 Nxc5
23.Nh2 Ne6 24.f4 Bc5+ 25.Kh1 Bd4 26.Ba3 c5 27.Ng4 Kg7 28.fxe5 fxe5 29.Bc1 g5
30.Rf1 Rf8 31.Rxf8 Nxf8 32.Ne3 Bxe3 33.Bxe3 Ne6 34.Rd6 Rb8 35.Bf3 Kf7 36.Bg4 Ke7
37.Rd5 Kf6 38.Kg2 Bb7 39.Rd2 Bxe4+ 40.Kh2 h6 41.Rd6 Bf5 42.Bxf5 Kxf5 43.g4+ Kf6
44.h4 Ke7 45.Rd5 Kf6 46.Rd6 Ke7 47.Rd5 Kf6  1/2-1/2

[Event "TCh-NED Meesterklasse 2013-14"]
[Site "Netherland NED"]
[Date "2013.09.21"]
[Round "1.8"]
[White "Wempe,Jo"]
[Black "Bosboom,M"]
[Result "0-1"]
[WhiteElo "2261"]
[BlackElo "2387"]

1.d4 Nf6 2.c4 d6 3.Nf3 Nbd7 4.Nc3 e5 5.e4 g6 6.Be2 Bg7 7.O-O O-O 8.Be3 exd4
9.Nxd4 c6 10.Qd2 Re8 11.f3 a5 12.Rad1 a4 13.Nc2 Re6 14.c5 dxc5 15.Bxc5 Qa5
16.Bf2 Re8 17.b4 axb3 18.axb3 Qc7 19.Na4 Nh5 20.Ne3 b5 21.Nc3 Nf4 22.Bxb5 cxb5
23.Nxb5 Qc6 24.Nd6 Bc3 25.Qc2 Re6 26.Nd5 Qxd6 27.Nxf4 Qxf4 28.Qxc3 Re8 29.Qc6 Ra6
30.Qb5 Qb8 31.Qxb8 Nxb8 32.b4 Bd7 33.Rd5 Be6 34.Rd4 Ra2 35.Rb1 Rc8 36.Bg3 Nd7
37.Rbd1 Rcc2 38.Kf1 Rxg2 39.Rxd7 Bc4+ 40.R1d3 Rgd2 41.Rd8+ Kg7 42.Be5+ f6
43.Rd7+ Kg8  0-1

[Event "46th TCh-BUL w 2013"]
[Site "Sunny Beach BUL"]
[Date "2013.09.21"]
[Round "3.2"]
[White "Parvanova,D"]
[Black "Bednikova,S"]
[Result "0-1"]
[WhiteElo "1983"]
[BlackElo "2043"]

1.d4 Nf6 2.Nf3 g6 3.c4 Bg7 4.Nc3 O-O 5.e4 d6 6.Be2 e5 7.d5 a5 8.a3 Na6 9.Bg5 h6
10.Bh4 Qe8 11.b4 Bd7 12.Rb1 axb4 13.axb4 Nh7 14.Nd2 f5 15.f3 Nf6 16.Bf2 b6
17.O-O Nh5 18.g3 fxe4 19.Ndxe4 Nf6 20.Qb3 Nxe4 21.Nxe4 Nb8 22.c5 bxc5 23.bxc5 Bf5
24.cxd6 Bxe4 25.fxe4 cxd6 26.Qb7 Ra2 27.Bg4 Qa4 28.Be6+ Kh7 29.Qc7 Na6 30.Qe7 Rfxf2
31.Rxf2 Rxf2 32.Kxf2 Qc2+ 33.Kf3 Qxb1 34.Qe8 Qf1+ 35.Kg4 Qf8  0-1

[Event "63rd TCh-BUL GpB 2013"]
[Site "Sunny Beach BUL"]
[Date "2013.09.21"]
[Round "4.1"]
[White "Vatkovski,Mitko"]
[Black "Bochev,K"]
[Result "0-1"]
[WhiteElo "1919"]
[BlackElo "2070"]

1.c4 g6 2.Nc3 Bg7 3.d4 Nf6 4.e4 d6 5.Nf3 O-O 6.Be2 e5 7.d5 Na6 8.a3 Nc5 9.Bg5 a5
10.O-O a4 11.Nd2 h6 12.Be3 Bd7 13.Qc2 b6 14.Bxc5 bxc5 15.Rab1 h5 16.Qd3 Bh6
17.h3 Kg7 18.b4 axb3 19.Rxb3 Nh7 20.Nb5 f5 21.f3 Nf6 22.Ra1 Bxd2 23.Qxd2 fxe4
24.Qg5 exf3 25.Bxf3 Ra4 26.Rc1 Bxb5 27.cxb5 Nd7 28.Qxd8 Rxd8 29.Bd1 Rda8
30.Rcc3 Nb6 31.Rg3 h4 32.Rg4 Rxg4 33.hxg4 Nc4 34.g5 Rxa3 35.Rxa3 Nxa3 36.Ba4 Nc4
37.Kf2 Nb6 38.Bb3 c4 39.Ba2 Nxd5 40.Bxc4 Nf4 41.Kf3 Kf8 42.g3 hxg3 43.Kxg3 Ke7
44.Kf3 d5 45.Bb3  0-1

[Event "Werder Bremen GM 2013"]
[Site "Bremen GER"]
[Date "2013.09.22"]
[Round "2.4"]
[White "Nyback,T"]
[Black "Bekker Jensen,S"]
[Result "1-0"]
[WhiteElo "2599"]
[BlackElo "2420"]

1.d4 Nf6 2.c4 g6 3.Nc3 Bg7 4.e4 d6 5.Nf3 O-O 6.Be2 Na6 7.O-O e5 8.Re1 c6
9.Be3 exd4 10.Nxd4 Re8 11.f3 d5 12.cxd5 Nxd5 13.Nxd5 cxd5 14.Bxa6 bxa6 15.Nc6 Qf6
16.exd5 Qxb2 17.Rb1 Qxa2 18.d6 Bd7 19.Ne7+ Kh8 20.Bd4 Qa4 21.Bxg7+ Kxg7 22.Qd2 Qh4
23.Rb4 Qh5 24.Qd4+ f6 25.Rb7 Rad8 26.Rc1 Qa5 27.h4  1-0

[Event "TCh-FIN SM 2013-14"]
[Site "Joensuu FIN"]
[Date "2013.09.22"]
[Round "2.4"]
[White "Salo,H"]
[Black "Nokka,R"]
[Result "1/2-1/2"]
[WhiteElo "2265"]
[BlackElo "2286"]

1.d4 Nf6 2.Nf3 g6 3.c4 Bg7 4.Nc3 O-O 5.e4 d6 6.Be2 Nbd7 7.O-O e5 8.Be3 Re8
9.d5 Nh5 10.Ne1 Nf4 11.Nd3 Nxd3 12.Bxd3 Nc5 13.Bc2 f5 14.b4 Nxe4 15.Nxe4 fxe4
16.Bxe4 Bf5 17.Qc2 Bxe4 18.Qxe4 a5 19.a3 Qd7 20.Rfc1 Bf8 21.Rab1 axb4 22.axb4 Ra4  1/2-1/2

[Event "TCh-Moscow GpA 2013"]
[Site "Moscow RUS"]
[Date "2013.09.22"]
[Round "3.4"]
[White "Morozov,G"]
[Black "Gluhovsky,Mark"]
[Result "0-1"]
[WhiteElo "2341"]
[BlackElo "2211"]

1.d4 Nf6 2.c4 g6 3.Nc3 Bg7 4.e4 d6 5.Nf3 O-O 6.Be2 e5 7.dxe5 dxe5 8.Bg5 c6
9.Qxd8 Rxd8 10.Nxe5 h6 11.Bf4 g5 12.Bg3 Na6 13.h4 g4 14.h5 Nc5 15.f3 a5 16.Bf2 Ne6
17.Bb6 Re8 18.Nd3 a4 19.Rc1 Nd7 20.Be3 Nd4 21.Bd1 Nf5 22.Bf4 Nb6 23.Ne2 Nd4
24.Nxd4 Bxd4 25.Bxh6 f5 26.e5 Be6 27.b3 axb3 28.axb3 Nd7 29.Bf4 Ra2 30.Rc2 Ra1
31.Kd2 Nc5 32.Nxc5 Bxc5 33.Ke2 Rb1 34.Ra2 Rd8 35.h6 gxf3+ 36.gxf3 Kh7 37.Bg5 Rd7
38.Rd2 Bd4 39.f4 c5 40.Rh3 Ra1 41.Bf6 Ra3 42.Rh5 b5 43.cxb5 c4 44.Bc2 cxb3
45.Bd3 b2 46.Rh1 Bc4 47.Rb1 Rxd3 48.Rxd3 Bxd3+ 49.Kxd3 Bxe5+  0-1

[Event "63rd TCh-BUL GpB 2013"]
[Site "Sunny Beach BUL"]
[Date "2013.09.22"]
[Round "6.1"]
[White "Vatkovski,Mitko"]
[Black "Vasilev,VasilA"]
[Result "0-1"]
[WhiteElo "1919"]
[BlackElo "2340"]

1.c4 Nf6 2.Nc3 g6 3.d4 Bg7 4.e4 d6 5.Nf3 O-O 6.Be2 e5 7.d5 a5 8.Be3 Ng4 9.Qd2 Nxe3
10.Qxe3 Na6 11.a3 Bd7 12.O-O f5 13.Bd3 a4 14.Bc2 Nc5 15.Nd2 Qh4 16.Nf3 Qh5
17.Qg5 Qxg5 18.Nxg5 Bh6 19.h4 Bg7 20.Rae1 Bf6 21.Kh2 h6 22.Nf3 f4 23.Rh1 Kg7
24.Kg1 Bd8 25.Kf1 Be7 26.Ke2 Ra5 27.Kd2 Rb8 28.Rb1 c6 29.Ne1 b5 30.cxb5 cxb5
31.Nd3 Nxd3 32.Bxd3 b4 33.Na2 bxa3 34.bxa3 Rb3 35.Nc3 Ra7 36.Rxb3 axb3 37.Nb1 Bd8
38.Kc3 Rb7 39.Kb2 Bb6 40.f3 Bd4+ 41.Nc3 h5 42.Ra1 Kf6 43.Be2 g5 44.hxg5+ Kxg5
45.Rh1 Rc7 46.Rc1 Ba4 47.Bd1 Kh4 48.Bxb3 Rb7  0-1

[Event "Werder Bremen GM 2013"]
[Site "Bremen GER"]
[Date "2013.09.23"]
[Round "3.5"]
[White "Fish,G"]
[Black "Joachim,S"]
[Result "1-0"]
[WhiteElo "2464"]
[BlackElo "2422"]

1.d4 Nf6 2.c4 g6 3.Nc3 Bg7 4.e4 d6 5.Nf3 O-O 6.Be2 e5 7.O-O Na6 8.Re1 c6
9.Bf1 exd4 10.Nxd4 Ng4 11.h3 Qb6 12.hxg4 Qxd4 13.Qf3 Qe5 14.Bf4 Qe7 15.Rad1 Be5
16.g5 f6 17.Qe3 Nc5 18.gxf6 Qxf6 19.Bxe5 Qxe5 20.Qd4 Rf6 21.Re3 a5 22.b3 g5
23.Na4 Nxa4 24.bxa4 h6 25.Red3 Kf7 26.Qb6 Ke7 27.Be2 Qc5 28.Qxc5 dxc5 29.Rd8  1-0

[Event "Baku Open 2013"]
[Site "Baku AZE"]
[Date "2013.09.24"]
[Round "6.15"]
[White "Maghalashvili,Da"]
[Black "Goganov,A"]
[Result "1/2-1/2"]
[WhiteElo "2502"]
[BlackElo "2577"]

1.d4 Nf6 2.c4 g6 3.Nc3 Bg7 4.e4 d6 5.Nf3 O-O 6.Be2 e5 7.dxe5 dxe5 8.Qxd8 Rxd8
9.Bg5 Re8 10.Nd5 Nxd5 11.cxd5 c6 12.Bc4 b5 13.Bb3 a5 14.a4 bxa4 15.Bxa4 Bd7
16.dxc6 Bxc6 17.Ke2 Bxa4 18.Rxa4 Nc6 19.Bd2 Rab8 20.Bc3 Nd4+ 21.Kd3 Nb3 22.Kc2 Rec8
23.Rd1 Nd4+  1/2-1/2

[Event "Werder Bremen GM 2013"]
[Site "Bremen GER"]
[Date "2013.09.24"]
[Round "4.5"]
[White "Babula,V"]
[Black "Bekker Jensen,S"]
[Result "1-0"]
[WhiteElo "2571"]
[BlackElo "2420"]

1.d4 Nf6 2.c4 g6 3.Nc3 Bg7 4.e4 d6 5.Nf3 O-O 6.Be2 Na6 7.O-O e5 8.Re1 c6
9.Be3 Ng4 10.Bg5 Qc7 11.Bh4 f5 12.exf5 gxf5 13.c5 dxc5 14.dxe5 Nxe5 15.Nxe5 Bxe5
16.Bc4+ Kh8 17.Qe2 b5 18.Qxe5+ Qxe5 19.Rxe5 bxc4 20.Be7 Rf7 21.Rd1 Kg7 22.Bxc5 Nc7
23.Rd6 Bb7 24.Re3 f4 25.Re5 h6 26.Bd4  1-0

[Event "Pankrac Cup 2013"]
[Site "Prague CZE"]
[Date "2013.09.24"]
[Round "3"]
[White "Juptner,J"]
[Black "Neuman,P"]
[Result "1/2-1/2"]
[WhiteElo "2340"]
[BlackElo "2499"]

1.d4 Nf6 2.c4 g6 3.Nc3 Bg7 4.e4 O-O 5.Nf3 d6 6.Be2 e5 7.O-O Na6 8.Re1 c6
9.Bf1 Bg4 10.d5 Nb4 11.Be2 a5 12.Bg5 h6 13.Bd2 c5 14.a3 Na6 15.g3 Bd7 16.Nh4 Ne8
17.Bg4 Nac7 18.Qe2 Kh7 19.Rab1 Na6 20.b3 b6 21.Na4 Rb8 22.Nb2 Nf6  1/2-1/2

[Event "Baku Open 2013"]
[Site "Baku AZE"]
[Date "2013.09.25"]
[Round "7.26"]
[White "Aliakbarov,A"]
[Black "Ahmadinia,E"]
[Result "0-1"]
[WhiteElo "2232"]
[BlackElo "2381"]

1.d4 g6 2.c4 Bg7 3.Nf3 d6 4.Nc3 Nf6 5.e4 O-O 6.Be2 e5 7.O-O Na6 8.Be3 Ng4
9.Bg5 Qe8 10.dxe5 dxe5 11.h3 f6 12.Bd2 Nh6 13.c5 Nxc5 14.Qc1 Nf7 15.Nd5 Ne6
16.Bb4 c6 17.Bxf8 Qxf8 18.Nc3 f5 19.Bc4 Qb4 20.Bxe6 Bxe6 21.Re1 Qe7 22.Na4 b6
23.a3 Rc8 24.b4 fxe4 25.Nd2 e3 26.fxe3 e4 27.Nxe4 Bxh3 28.Nac3 Bf5 29.Nf2 Be5
30.Ra2 Qh4 31.Nb1 Bg3 32.e4 Be6 33.Rae2 Ne5 34.Nd2 Qh2+ 35.Kf1 Rf8 36.Nf3 Nxf3
37.gxf3 Rxf3 38.a4 Bh3+  0-1

[Event "Werder Bremen GM 2013"]
[Site "Bremen GER"]
[Date "2013.09.26"]
[Round "6.2"]
[White "Nyback,T"]
[Black "Joachim,S"]
[Result "1/2-1/2"]
[WhiteElo "2599"]
[BlackElo "2422"]

1.d4 Nf6 2.c4 g6 3.Nc3 Bg7 4.e4 d6 5.Nf3 O-O 6.Be2 e5 7.O-O Nbd7 8.Be3 c6
9.d5 c5 10.Ne1 Kh8 11.Nd3 Ng8 12.Qd2 Qe7 13.f3 b6 14.b4 f5 15.a4 a5 16.bxc5 bxc5
17.Nc1 Rb8 18.Nb5 fxe4 19.fxe4 Ngf6 20.Bd3 Ng4 21.Rxf8+ Qxf8 22.Bg5 h6 23.Bh4 Qf4
24.Qxf4 exf4 25.Ra2 g5 26.Be1 Bd4+ 27.Nxd4 cxd4 28.Ra1 Ba6 29.Bxa5 Nde5 30.Bc7 Rb2
31.Bxd6 f3 32.Bxe5+ Nxe5 33.gxf3 Nxf3+ 34.Kf1 Nxh2+ 35.Kg1 Nf3+ 36.Kf1 Nh2+
37.Kg1 Nf3+ 38.Kf1  1/2-1/2

[Event "TCh-Moscow GpA 2013"]
[Site "Moscow RUS"]
[Date "2013.09.26"]
[Round "4.1"]
[White "Duzhakov,I"]
[Black "Savina,A"]
[Result "1-0"]
[WhiteElo "2356"]
[BlackElo "2390"]

1.d4 Nf6 2.c4 g6 3.Nc3 Bg7 4.e4 d6 5.Nf3 O-O 6.Be2 e5 7.d5 a5 8.O-O Na6 9.Bg5 h6
10.Bh4 Qe8 11.Nd2 Nh7 12.a3 h5 13.f3 Bd7 14.b3 Bh6 15.Kh1 Be3 16.Rb1 Bc5
17.Qc1 f5 18.exf5 gxf5 19.Na2 Be3 20.b4 axb4 21.axb4 Qg6 22.Qc2 Rf7 23.Rfe1 Rg7
24.Bf1 Bd4 25.Nb3 Ba4 26.Qd2 Bxb3 27.Rxb3 Ng5 28.Nc1 Nh3 29.Ra3 Rf8 30.Nb3 Ng5
31.Nxd4 exd4 32.Rb3 Nb8 33.Qxd4 Nd7 34.Qf4 Qf6 35.Bf2 Ne5 36.Bd4 Ngf7 37.c5 Ra8
38.b5 Ra4 39.b6 Ng4 40.bxc7 Kh7 41.c8=Q  1-0

[Event "Werder Bremen GM 2013"]
[Site "Bremen GER"]
[Date "2013.09.27"]
[Round "7.1"]
[White "Bluebaum,M"]
[Black "Ohme,M"]
[Result "1/2-1/2"]
[WhiteElo "2514"]
[BlackElo "2350"]

1.d4 Nf6 2.c4 g6 3.Nc3 Bg7 4.e4 d6 5.Nf3 O-O 6.Be2 e5 7.Be3 exd4 8.Nxd4 Re8
9.f3 c6 10.Bf2 d5 11.exd5 cxd5 12.O-O Nc6 13.c5 Bf8 14.Nb3 Nh5 15.Qd2 Ng7
16.Rad1 Be6 17.Bb5 a6 18.Ba4 Nf5 19.Nxd5 Bh6 20.f4 Bxd5 21.Qxd5 Qxd5 22.Rxd5 Re4
23.Bxc6 bxc6 24.Rd7 Bxf4 25.Na5 Re2 26.Nxc6 Rxb2 27.Ne7+ Nxe7 28.Rxe7 Bg5
29.Rxf7 Kxf7 30.Bd4+ Kg8 31.Bxb2 Be3+ 32.Kh1 Bxc5 33.g3 Re8  1/2-1/2

[Event "St Petersburg Rapid Cup 2013"]
[Site "St Petersburg RUS"]
[Date "2013.09.28"]
[Round "2.4"]
[White "Popov,Val"]
[Black "Polyaninov,A"]
[Result "1-0"]
[WhiteElo "2548"]
[BlackElo "2310"]

1.Nf3 g6 2.d4 Bg7 3.c4 d6 4.Nc3 Nf6 5.e4 O-O 6.Be2 e5 7.Be3 Ng4 8.Bg5 f6
9.Bc1 Nh6 10.O-O Nc6 11.d5 Ne7 12.b4 Nf7 13.c5 f5 14.Nd2 Bh6 15.a4 a5 16.Ba3 Bxd2
17.Qxd2 fxe4 18.bxa5 Nf5 19.Nxe4 Nd4 20.Bc4 Bf5 21.Ng3 Ng5 22.f4 Ne4 23.Nxe4 Bxe4
24.Rae1 Nc2 25.Rxe4 Nxa3 26.Ba2 exf4 27.Qc3 f3 28.Qxa3 fxg2 29.Rxf8+ Qxf8
30.Kxg2 Qf5 31.Qf3 Qg5+ 32.Rg4 Qd2+ 33.Qf2  1-0

[Event "Grand Open Blagoevgrad 2013"]
[Site "Blagoevgrad BUL"]
[Date "2013.09.29"]
[Round "3.19"]
[White "Pingov,Krasen"]
[Black "Tonkov,B"]
[Result "0-1"]
[WhiteElo "1898"]
[BlackElo "2323"]

1.d4 Nf6 2.c4 g6 3.Nc3 Bg7 4.e4 d6 5.Nf3 O-O 6.Be2 e5 7.dxe5 dxe5 8.Qxd8 Rxd8
9.Bg5 Re8 10.Nd5 Nxd5 11.cxd5 c6 12.Bc4 cxd5 13.Bxd5 Nc6 14.a3 Bg4 15.Bxc6 bxc6
16.Nd2 Reb8 17.b4 a5 18.Rb1 axb4 19.axb4 f6 20.Be3 Bf8 21.h3 Be6 22.Bc5 Bxc5
23.bxc5 Rxb1+ 24.Nxb1 Ra5 25.Kd2 Ra2+ 26.Ke3 Rc2 27.Nd2 Rc3+ 28.Ke2 Rxc5
29.Ra1 Rc3 30.Ra8+ Kf7 31.Ra7+ Kf8 32.Rxh7 Bf7 33.Rh8+ Bg8 34.Rh4 g5 35.Rg4 Bf7
36.Rg3 Bh5+ 37.f3 c5 38.h4 g4 39.Kf2 gxf3 40.gxf3 c4 41.Rg1 Rc2 42.Ke3 Bf7
43.Rb1 c3 44.Nf1 Bc4 45.f4 Re2+ 46.Kf3 c2 47.Rc1 exf4 48.Kxf4 Rf2+ 49.Kg3 Rxf1
50.Rxc2 Bd3 51.Rc8+ Kf7 52.Kg2 Rf4 53.Kg3 Rxe4 54.Rd8 Be2 55.Rd5 Kg6 56.Rc5 Bh5
57.Ra5 Re3+ 58.Kg2 Bg4 59.Ra4 Kh5 60.Rf4 f5 61.Rb4 Kxh4  0-1